000
00291nam a2200121Ia 4500
100
_a
Venkataramani Y
942
_c
BK
654
_a
Linear integrated circuits
245
_a
Linear Integrated Circuits & application
260
_b
ISTE Learning Materials
546
_a
ENGLISH
999
_c
18578
_d
18578